000 01322nji a22003017a 4500
005 2010092100180.0
006 a|||||r|||||00| 0
007 sd ammalaaahaa
008 100830t xxu||||| |||| 00| 0 eng d
028 _aSFLP-1007
_bSuper; T-Series
035 _aGR-05177
040 _aSED
_cSED
100 _917455
_aBokadia, K. C.
245 _aPyar jhukta nahin /
_cproduced by K. C. Bokadia; sung by Lata Mangeshkar [and] Shabbir Kumar; lyric by S. H. Bihari; music by Laxmikant Pyarelal
_h[sound recording] :
246 _aप्यार झुकता नहीं / के. सी. बोकाडिया द्वारा
260 _aDum Dum, India
_bSuper; T-Series
_c1989
300 _a1 sound disc [Gramophone Recording]:
_banalog, 33 1/3 rpm
_c12.5 in. (LP)
_fGramophone Record
500 _aBrief Record
500 _aRecord labels : Super; T-Series, Red
505 _aSide-1 (Chahe lakh tufan aye) (Lata Mangeshkar [and] Shabbir Kumar) Side-2 (Tumhe apna sathi) (Lata Mangeshkar)
600 _aMangeshkar, Lata
_920359
650 _aFilm Song
_xExcerpts
_zIndia
_920876
700 _aShabbir Kumar
_920871
700 _aS. H. Bihari
_920877
700 _aLaxmikant Pyarelal
_920878
942 _2ddc
_cGR
999 _c47142
_d47142